• 首页
  • 本馆介绍
  • 公告通知
  • 最新文献
  • 馆藏检索
  • 电子资源
  • 读者导购
  • 参考咨询
  • 我的图书馆
  • 登录
  • 详细信息显示
  • 放入我的书架
  • 预约/预借图书
  • 作者相关作品
  • 分类相关作品
  • 丛书相关作品
  • 出版社相关作品

书目信息

  • 表格格式
  • 工作单格式
  • 卡片格式
题名:
拯救睡眠
    
 
作者: 勒莫瓦纳, 主编 ;晏梦捷 译
分册:  
出版信息: 北京   中国轻工业出版社  2019.7
页数: 153页
开本: 24cm
丛书名:
单 册:
中图分类: R338.63
科图分类:
主题词: 睡眠--普及读物
电子资源:
ISBN: 978-7-5184-2484-9
000 00849nam0 2200253 45
001 482613
005 20140818152801.0
010    @a978-7-5184-2484-9@dCNY48.00
099    @aCAL 012019108576
100    @a20190813d2019 em y0chiy0110 ea
101 1  @achi@cfre
102    @aCN@b110000
105    @aa z 000yy
106    @ar
200 1  @a拯救睡眠@Azheng jiu shui mian@f(法) 帕特里克·勒莫瓦纳主编@g晏梦捷译
210    @a北京@c中国轻工业出版社@d2019.7
215    @a153页@c彩图@d24cm
330    @a本书共分12章,包括做个好梦的先决条件、睡眠是什么、我们如何睡觉、睡眠的类型、睡眠的作用、睡眠呼吸暂停、夜间不老实的腿、失眠等内容。
606 0  @a睡眠@j普及读物
690    @aR338.63@v5
701  1 @a勒莫瓦纳,@Ale mo wa na@b帕特里克@4主编
702  0 @a晏梦捷@Ayan meng jie@4译
801    @aCN@bAHXH@c20210922
905    @b1358651-5@dR338.63@e377@f5
    
    拯救睡眠/(法) 帕特里克·勒莫瓦纳主编/晏梦捷译.-北京:中国轻工业出版社,2019.7
    153页:彩图;24cm
    
    
    ISBN 978-7-5184-2484-9:CNY48.00
    本书共分12章,包括做个好梦的先决条件、睡眠是什么、我们如何睡觉、睡眠的类型、睡眠的作用、睡眠呼吸暂停、夜间不老实的腿、失眠等内容。
●
相关链接 在E读中查询图书 在五车中查询图书 在当当中查询图书 在豆瓣中查询图书


正题名:拯救睡眠     索取号:R338.63/377         预约/预借

序号 登录号 条形码 馆藏地/架位号 状态 备注
1 1358651   213586519   第二样本阅览室/ [索取号:R338.63/377] 在馆    
2 1358652   213586528   教育系资料室/ [索取号:R338.63/377] 在馆    
3 1358653   213586537   教育系资料室/ [索取号:R338.63/377] 在馆    
4 1358654   213586546   第三借阅区/ [索取号:R338.63/377] 在馆    
5 1358655   213586555   第三借阅区/ [索取号:R338.63/377] 在馆    
唐山师范学院图书馆 欢迎您!
大连网信软件有限公司© 版权所有